| 000 | 00864cam a22002531 4500 | ||
|---|---|---|---|
| 001 | gs 64000331 | ||
| 003 | DLC | ||
| 005 | 20260227111415.0 | ||
| 008 | 760623s1964 xx 000 0 eng | ||
| 010 | _ags 64000331 | ||
| 035 | _a(OCoLC)2275380 | ||
| 040 |
_aDLC _cMeU-P _dDLC |
||
| 042 | _apremarc | ||
| 050 | 0 | 0 |
_aQE171 _b.A3 no. 27 |
| 100 | 1 | _aMyers, Paul Benton. | |
| 245 | 1 | 0 | _aGeology of the Vermont portion of the Averill quadrangle, Vermont. |
| 260 |
_aMontpelier, _bVermont Development Dept., _c1964. |
||
| 300 |
_a69 p. _billus., maps (2 fold., 1 col., in pocket) diagrs., tables. _c23 cm. |
||
| 490 | 1 |
_aVermont. Geological Survey. Bulletin _vno. 27 |
|
| 504 | _aBibliography: p. 66-69. | ||
| 650 | 0 |
_aGeology _zVermont _zAverill quadrangle. |
|
| 740 | 0 | _aAverill quadrangle, Vermont. | |
| 810 | 1 |
_aVermont. _bState Geologist. _tBulletin ; _vno. 27. |
|
| 999 |
_c29900 _d29900 |
||